World Tour 2022 winners (cycling) - Statistics

General Stats
  • This quiz has been taken 227 times
    210 since last reset
  • The average score is 23 of 31
Answer Stats
Hint Answer % Correct
UAE Tour Tadej Pogacar
99%
Strade Bianche Tadej Pogacar
99%
Tirreno-Adriatico Tadej Pogacar
99%
GP cycliste de Montréal Tadej Pogacar
99%
Il Lombardia Tadej Pogacar
99%
Dwars door Vlaanderen Mathieu van der Poel
98%
Tour of Flanders Mathieu van der Poel
98%
Tour de France Jonas Vingegaard
96%
Paris-Nice Primoz Roglic
95%
Critérium du Dauphiné Primoz Roglic
95%
Omloop Het Niewsblad Wout Van Aert
95%
E3 Saxo Bank Classic Wout Van Aert
95%
Bretagne Classic Wout Van Aert
95%
Liège-Bastogne-Liège Remco Evenepoel
94%
Classica de Saint-Sébastien Remco Evenepoel
94%
Vuelta a Espana Remco Evenepoel
94%
Giro d'Italia Jai Hindley
84%
Milan-San Remo Matej Mohoric
82%
Paris-Roubaix Dylan Van Baarle
79%
Tour de Suisse Geraint Thomas
60%
Amstel Gold Race Michal Kwiatkowski
57%
Gent-Wevelgem Biniam Girmay
54%
Flèche Wallonne Dylan Teuns
50%
Classic Bruges-De Panne Tim Merlier
46%
Tour of the Basque Country Daniel Martinez
38%
GP cycliste de Quebec Benoît Cosnefroy
35%
Volta a Catalogne Sergio Higuita
34%
Tour de Romandie Aleksandr Vlasov
32%
Eschborn-Frankfurt Sam Bennett
29%
Hambourg Cyclassics Marco Haller
19%
Tour de Pologne Ethan Hayter
18%
No matching quizzes found
Score Distribution
Percent of People with Each Score
Percentile by Number Answered
Your Score History
You have not taken this quiz since the last reset